| 000 | 01199nam a22002537a 4500 | ||
|---|---|---|---|
| 005 | 20250404164053.0 | ||
| 008 | 250404b |||||||| |||| 00| 0 eng d | ||
| 020 | _a978-93-80044-02-6 (hbk) | ||
| 037 | _cTB | ||
| 040 |
_aCRL _cCRL |
||
| 041 |
_2hin _ahin |
||
| 084 |
_aO152,3:g P9 _qCRL |
||
| 100 | _aचौधरी, सुरेन्द्र | ||
| 245 |
_aहिन्दी कहानी: _bरचना और परिस्थिति |
||
| 260 |
_aगाज़ियाबाद, भारत: _bअंतिका प्रकाशन, _c2019. |
||
| 300 | _a352पृ0 | ||
| 365 |
_b550.00 _cINR |
||
| 490 |
_aकथा - आलोचना : प्रस्थान और प्रकृति _v2 |
||
| 650 | _aहिन्दी कहानी ' | ||
| 650 | _aहिन्दी साहित्य | ||
| 700 | _aउदयशंकर (संपादक) | ||
| 942 |
_2CC _cTB _hO152,3:g P9 _n0 |
||
| 999 |
_c1308475 _d1308475 |
||